000
00303nam a2200145Ia 4500
100
_a
Loskutov/V
650
_a
Chemistry
942
_c
BK
654
_a
Control
245
_a
Mathematical Control Machines
260
_b
Peace publishers
_c
2001
082
_a
621.3
300
_a
413
546
_a
ENGLISH
999
_c
29186
_d
29186